| 000 | 01176nam a2200229Ia 4500 | ||
|---|---|---|---|
| 999 |
_c53883 _d53883 |
||
| 001 | 20934 | ||
| 003 | GE_BSU | ||
| 005 | 20210624181253.0 | ||
| 008 | 181216s2004ge xx |||||||||||||| ||geo|| | ||
| 020 | _a9994032623 | ||
| 040 | _cGE_BSU | ||
| 041 | _ageo | ||
| 080 | _a342(479.22)(075.8) ც-80 | ||
| 100 |
_aცნობილაძე, პაატა _98149 |
||
| 245 |
_aსაქართველოს კონსტიტუციური სამართალი : ორ ტომად : _bტ.1 : სახელმძღვანელო უმაღლესი სასწავლებლებისათვის (სრული კურსი) / _cპაატა ცნობილაძე ; რედ. გივი ინწკირველი. |
||
| 264 |
_aთბილისი : _bბონა კაუზა, _c2004. |
||
| 300 |
_a416 გვ. ; _c20 სმ. |
||
| 653 | _aსამართალი | ||
| 653 | _aსაქართველოს კონსტიტუციური სამართალი | ||
| 700 |
_aინწკირველი, გივი _eრედაქტორი _91291 |
||
| 942 |
_cBK _2udc |
||